Statistics for Car Seat Headrest - Bodys [FtF] Lyrics

Click here to take the quiz!

General Stats

  • This quiz has been taken 64 times
  • The average score is 418 of 527

Answer Stats

Answer% Correct
a
100%
at
98%
(I
98%
I
98%
you)
98%
you
98%
body
95%
The
95%
the
95%
to
95%
when
95%
When
95%
are
93%
my
90%
shoulder
90%
So
90%
so
90%
any
88%
around
88%
bodies
88%
fall
88%
just
88%
No
88%
no
88%
our
88%
that
88%
we
88%
We
88%
all)
86%
all
86%
apart
86%
could
86%
dance
86%
Hands
86%
hands
86%
hold
86%
of
86%
put
86%
real
86%
realize
86%
waitress
86%
what?
86%
what
86%
be
83%
(But
83%
But
83%
don’t
83%
Don’t
83%
I’m
83%
in
83%
mean
83%
mean,
83%
Not
83%
not
83%
say
83%
shoulders
83%
shoulders)
83%
sick
83%
that’s
83%
That’s
83%
(That’s
83%
them)
83%
them
83%
tips
83%
wanna
83%
alive
81%
And
81%
and
81%
As
81%
as
81%
can
81%
chorus
81%
come
81%
dancing
81%
does
81%
every
81%
giving
81%
got
81%
it
81%
nice
81%
your
81%
can’t
79%
Everybody
79%
everyone
79%
hips
79%
Is
79%
is
79%
It’s
79%
meant
79%
more
79%
rewarding
79%
second?
79%
second
79%
sing
79%
song
79%
their
79%
verse
79%
wanted
79%
yet?
79%
it’ll
76%
meaning
76%
on
76%
some
76%
speak
76%
Well
76%
well
76%
We’ll
76%
aware
74%
dances
74%
Everybody’s
74%
far
74%
get
74%
I'd
74%
(I'd
74%
like
74%
terrified
74%
would
74%
am
71%
building
71%
hard
71%
keep
71%
people
71%
quiet
71%
swinging
71%
Those
71%
(Those
71%
love
69%
tell
69%
angel
67%
devil
67%
drunk
67%
fell
67%
normal
67%
(These
67%
These
67%
with
67%
with)
67%
other
64%
Though
64%
two
64%
grandparents
62%
have
62%
thin
62%
We're
62%
meet
60%
(most
60%
one
60%
One
60%
own
60%
parents
60%
They’re
60%
us)
60%
controlling
57%
enough
57%
trouble
57%
from
55%
talk
55%
There’s
55%
young
55%
lot
52%
move
52%
now!
52%
time
52%
alcohol
50%
know
50%
place?
50%
Please
50%
right
50%
Stealing
48%
touch
48%
eyes
45%
face
45%
horny
45%
limbs
45%
long
45%
Next
45%
I’ll
43%
sound
43%
best
40%
care
40%
forget
40%
how
40%
out
40%
try
40%
if
38%
making
38%
messing
38%
forgot
36%
this
36%
Won’t
33%
drawing
29%
back
26%
because
26%
has
26%
let's
26%
old
26%
talking
26%
grown
24%
hammer
24%
nail
24%
pull
24%
bitter
21%

Score Distribution

Percentile by Number Answered

Percent of People with Each Score

Your Score History

You have not taken this quiz